PGIM Library Banner
Normal view MARC view

Entry Personal Name

Number of records used in: 1

001 - CONTROL NUMBER

  • control field: 5986

003 - CONTROL NUMBER IDENTIFIER

  • control field: LK-CoPGIM

005 - DATE AND TIME OF LATEST TRANSACTION

  • control field: 20260120125900.0

008 - FIXED-LENGTH DATA ELEMENTS

  • fixed length control field: 260120|| aca||aabn | a|a d

040 ## - CATALOGING SOURCE

  • Original cataloging agency: LK-CoPGIM

100 ## - HEADING--PERSONAL NAME

  • Personal name: Saukko, P.
All Rights Reserved, Main Library, Postgraduate Institute of Medicine, No.85, Rodney Street, Colombo 08, Sri Lanka
Telephone: +94-11-2697760, +94-11-2697761 - email: library@pgim.cmb.ac.lk
Designed and Maintained by Nimal Hettiarachchi, Librarian, University of Ruhuna.
Last Updated: 24-December -2025